Kisah kehidupan Nabi Muhammad Rasulullah SAW / (Record no. 944)

000 -LEADER
fixed length control field nam a22 a 4500
003 - CONTROL NUMBER IDENTIFIER
control field AKMAL
005 - DATE AND TIME OF LATEST TRANSACTION
control field 20170508095015.0
008 - FIXED-LENGTH DATA ELEMENTS--GENERAL INFORMATION
fixed length control field 170508s1998 my 00 may d
020 ## - INTERNATIONAL STANDARD BOOK NUMBER
International Standard Book Number 9830462110 (jil. 1 : kkt.):
Terms of availability RM 10.00
040 ## - CATALOGING SOURCE
Original cataloging agency AKMAL
082 04 - DEWEY DECIMAL CLASSIFICATION NUMBER
Classification number 297.63 KIS
Edition number 21
090 00 - LOCALLY ASSIGNED LC-TYPE CALL NUMBER (OCLC); LOCAL CALL NUMBER (RLIN)
Classification number (OCLC) (R) ; Classification number, CALL (RLIN) (NR) 297.63
Local cutter number (OCLC) ; Book number/undivided call number, CALL (RLIN) KIS
245 00 - TITLE STATEMENT
Title Kisah kehidupan Nabi Muhammad Rasulullah SAW /
Statement of responsibility, etc. penyusun: Abu Hikmah Al Husni
260 ## - PUBLICATION, DISTRIBUTION, ETC.
Place of publication, distribution, etc. Kuala Lumpur :
Name of publisher, distributor, etc. Darul Nu'man,
Date of publication, distribution, etc. 1998
300 00 - PHYSICAL DESCRIPTION
Extent 2 jil. ;
Dimensions 21cm
600 00 - SUBJECT ADDED ENTRY--PERSONAL NAME
Personal name Muhammad,
Titles and other words associated with a name Prophet,
Dates associated with a name -632
9 (RLIN) 1135
600 00 - SUBJECT ADDED ENTRY--PERSONAL NAME
Personal name Muhammad,
Titles and other words associated with a name Prophet,
Dates associated with a name -632
General subdivision Companions
9 (RLIN) 2001
600 00 - SUBJECT ADDED ENTRY--PERSONAL NAME
Personal name Muhammad,
Titles and other words associated with a name Prophet,
Dates associated with a name -632
General subdivision Family
9 (RLIN) 2012
700 1# - ADDED ENTRY--PERSONAL NAME
Personal name Al-Husni, Abu Hikmah
9 (RLIN) 2013
942 ## - ADDED ENTRY ELEMENTS (KOHA)
Source of classification or shelving scheme
Koha item type Book
Holdings
Withdrawn status Lost status Source of classification or shelving scheme Damaged status Not for loan Collection code Home library Current library Shelving location Date acquired Inventory number Total Checkouts Full call number Barcode Date last seen Price effective from Koha item type
          NON-FICTION AKMAL Melaka AKMAL Melaka PINJAMAN 08.05.2017 200739   297.63 KIS 201702069 08.05.2017 08.05.2017 Book
Pusat Sumber Maklumat Dato' Haji Sarmin Md Hussin, Akademi Kastam Diraja Malaysia, Melaka
Tel: 06-2331106 | Faks: 06-2313787